Ο Καρλ Μαρξ σε θέματα κοινωνιολογίας και κοινωνικής φιλοσοφίας
Αποθηκεύτηκε σε:
| Κύριος συγγραφέας: | |
|---|---|
| Άλλοι συγγραφείς: | , , |
| Μορφή: | Βιβλίο |
| Γλώσσα: | Greek English |
| Δημοσίευση: |
Αθήνα :
Παπαζήσης,
1983.
|
| Σειρά: | Επιστήμη και κοινωνία (Παπαζήσης)
|
| Θέματα: | |
| Ετικέτες: |
Προσθήκη ετικέτας
Δεν υπάρχουν, Καταχωρήστε ετικέτα πρώτοι!
|
MARC
| LEADER | 00000cam a2200000 i 4500 | ||
|---|---|---|---|
| 001 | 1/72739 | ||
| 008 | 961014s1983 gr | ||| |||| ||gre|| | ||
| 035 | |l 10003038 | ||
| 040 | |a GR-MY-UA |b gre |e aacr | ||
| 041 | 1 | |a gre |h eng | |
| 082 | 7 | |a 301 |2 (22) | |
| 100 | 1 | |a Bottomore, T. B., |d 1920-1992. | |
| 245 | 1 | 2 | |a Ο Καρλ Μαρξ σε θέματα κοινωνιολογίας και κοινωνικής φιλοσοφίας / |c T. B. Bottomore, M. Rubel ; μετάφραση: Ρ. Κουνδούρου, Ν. Παπαδάκη. |
| 260 | |a Αθήνα : |b Παπαζήσης, |c 1983. | ||
| 490 | 1 | |a (Επιστήμη και κοινωνία / Παπαζήσης) | |
| 600 | 1 | 0 | |a Marx, Karl, |d 1818-1883. |
| 650 | 0 | 0 | |a Sociology |x Philosophy. |
| 650 | 0 | 0 | |a Communism and society. |
| 700 | 1 | |a Rubel, Maximilien. | |
| 700 | 1 | |a Κούνδουρος, Pούσσος Σ. |e trl | |
| 700 | 1 | |a Παπαδάκης, Ν. |e trl | |
| 830 | 0 | |a Επιστήμη και κοινωνία (Παπαζήσης) | |
| 852 | |a INST |b LESVOS |e 19961014 |h 301 BOT |p 005100002202 |q 005100002202 |t BK |y 0 | ||
| 909 | |a Λ |b 011048 | ||
| 970 | |z 14/10/1996 | ||